000 00634nam a2200277Ia 4500
005 20260324134100.0
008 008 260324s9999 xx 000 0 eng d
020 _a9781315134659
037 _aEBOOK
040 _aCRL
040 _beng
040 _cCRL
041 _2eng
041 _aeng
084 _qCRL
100 _aCharles Homer Haskins
_91195505
245 4 _aThe Rise of Universities
260 _bTaylor and Francis
260 _c2002
365 _a
365 _b230
856 _uhttp://www.taylorfrancis.com/books/9781315134659
942 _cEBOOK
999 _c1795199
_d1795199